|
|
|
|
| LEADER |
02134nam a2200613 4500 |
| 001 |
ocn908103773 |
| 003 |
OCoLC |
| 005 |
20170124071435.2 |
| 006 |
m o d |
| 007 |
cr cnu---unuuu |
| 008 |
150428s2015 gw ob 001 0 eng d |
| 040 |
|
|
|a N$T
|b eng
|e rda
|e pn
|c N$T
|d IDEBK
|d DG1
|d E7B
|d YDXCP
|d CDX
|d COO
|d EBLCP
|d OCLCQ
|d DEBSZ
|d CQ$
|d GrThAP
|
| 020 |
|
|
|a 9783527674305
|q electronic bk.
|
| 020 |
|
|
|a 3527674306
|q electronic bk.
|
| 020 |
|
|
|a 9783527674336
|q electronic bk.
|
| 020 |
|
|
|a 3527674330
|q electronic bk.
|
| 020 |
|
|
|z 9783527334742
|
| 020 |
|
|
|z 3527334742
|
| 020 |
|
|
|a 9783527674329 (ePub)
|
| 020 |
|
|
|a 3527674322 (ePub)
|
| 020 |
|
|
|a 9783527674312 (Mobi)
|
| 020 |
|
|
|a 3527674314 (Mobi)
|
| 024 |
7 |
|
|a 10.1002/9783527674305
|2 doi
|
| 029 |
1 |
|
|a NLGGC
|b 394005066
|
| 029 |
1 |
|
|a CHVBK
|b 335583660
|
| 029 |
1 |
|
|a CHDSB
|b 006395089
|
| 029 |
1 |
|
|a DEBSZ
|b 468881522
|
| 029 |
1 |
|
|a DEBBG
|b BV043397750
|
| 035 |
|
|
|a (OCoLC)908103773
|
| 050 |
|
4 |
|a QD272.C44
|
| 072 |
|
7 |
|a SCI
|x 013010
|2 bisacsh
|
| 082 |
0 |
4 |
|a 543.85
|2 23
|
| 049 |
|
|
|a MAIN
|
| 100 |
1 |
|
|a Hübschmann, Hans-Joachim,
|e author.
|
| 245 |
1 |
0 |
|a Handbook of GC/MS :
|b fundamentals and applications /
|c by Hans-Joachim Hübschmann.
|
| 250 |
|
|
|a Third edition.
|
| 264 |
|
1 |
|a Weinheim :
|b Wiley-VCH,
|c 2015.
|
| 300 |
|
|
|a 1 online resource.
|
| 336 |
|
|
|a text
|b txt
|2 rdacontent
|
| 337 |
|
|
|a computer
|b c
|2 rdamedia
|
| 338 |
|
|
|a online resource
|b cr
|2 rdacarrier
|
| 500 |
|
|
|a Previous edition: 2009.
|
| 504 |
|
|
|a Includes bibliographical references and index.
|
| 588 |
0 |
|
|a Print version record.
|
| 650 |
|
0 |
|a Gas chromatography.
|
| 650 |
|
0 |
|a Mass spectrometry.
|
| 650 |
|
7 |
|a Gas chromatography.
|2 fast
|0 (OCoLC)fst00938168
|
| 650 |
|
7 |
|a Mass spectrometry.
|2 fast
|0 (OCoLC)fst01011435
|
| 650 |
|
7 |
|a SCIENCE / Chemistry / Analytic
|2 bisacsh
|
| 655 |
|
4 |
|a Electronic books.
|
| 655 |
|
0 |
|a Electronic books.
|
| 776 |
0 |
8 |
|i Print version:
|a Hübschmann, Hans-Joachim, author.
|t Handbook of GC/MS.
|b Third edition
|z 9783527334742
|w (OCoLC)898156014
|
| 856 |
4 |
0 |
|u https://doi.org/10.1002/9783527674305
|z Full Text via HEAL-Link
|
| 994 |
|
|
|a 92
|b DG1
|